000 00497nam a22001817a 4500
003 NUST
005 20260203141709.0
008 260203b ||||| |||| 00| 0 eng d
020 _a978-0134122779
082 _a778.35
100 _aCheng, Eric.
_9133069
245 _aAerial Photography and Videography Using Drones /
_cCheng, Eric.
250 _a1st Edition
260 _aUSA:
_bPeachpit Press,
_c2015.
300 _a288 p ;
_c0.7 x 5.9 x 9 inches.
563 _aHardcover
942 _2ddc
_cBK
999 _c616064
_d616064